[Event "51st World Juniors"]
[Site "Athens GRE"]
[Date "2012.08.05"]
[Round "4.40"]
[White "Malikentzos, Sotirios"]
[Black "Hatzoudis, Gerasimos"]
[Result "1-0"]
[WhiteTitle "FM"]
[WhiteElo "2337"]
[BlackElo "1843"]
[WhiteFideId "4215079"]
[BlackFideId "4221370"]
[EventDate "2012.08.02"]

1. Nf3 Nf6 2. g3 g6 3. b3 Bg7 4. Bb2 c5 5. c4 O-O 6. Bg2 Nc6 7. O-O d6 8. d4
cxd4 9. Nxd4 Bd7 10. Nc3 Nxd4 11. Qxd4 Bc6 12. Nd5 Bxd5 13. Bxd5 Qc7 14. Bg2 a5
15. Rac1 Nh5 16. Qd2 Bxb2 17. Qxb2 Rfc8 18. Rfd1 Nf6 19. a3 Ra7 20. Bh3 Rca8 21.
Qd4 b6 22. Bg2 Rc8 23. b4 axb4 24. axb4 Ra4 25. Qd2 Qa7 26. Bf3 Qa6 27. Bc6 Ra2
28. Qd4 Qa7 29. b5 Qc7 30. Ra1 Rxa1 31. Rxa1 Rb8 32. Ra6 h5 33. h3 Nh7 34. Qe3
Nf8 35. Qa3 Qd8 36. Ra7 Kg7 37. Qc3+ Kg8 38. Qe3 e6 39. Qf3 f5 40. Qe3 Qf6 41.
h4 Qe5 42. Qg5 Qxe2 43. Qe7 Qe5 44. Qf7+ Kh8 45. Qc7 1-0

[Event "51st World Juniors"]
[Site "Athens GRE"]
[Date "2012.08.05"]
[Round "4.41"]
[White "Zwakala, Ntando"]
[Black "Baghdasaryan, Vahe"]
[Result "0-1"]
[BlackTitle "IM"]
[WhiteElo "2054"]
[BlackElo "2368"]
[WhiteFideId "14308967"]
[BlackFideId "13303139"]
[EventDate "2012.08.02"]

1. e4 c5 2. Nf3 Nc6 3. d4 cxd4 4. Nxd4 Nf6 5. Nc3 d6 6. Bc4 g6 7. Be3 Bg7 8. f3
Bd7 9. Qd2 O-O 10. O-O-O Qa5 11. Kb1 Rfc8 12. Bb3 Ne5 13. h4 h5 14. g4 hxg4 15.
h5 gxh5 16. fxg4 Nexg4 17. Rdf1 Rxc3 18. bxc3 Rc8 19. Qe1 Qxc3 20. Qxc3 Rxc3 21.
Bd2 Rc5 22. Nf5 Bxf5 23. Rxf5 e6 24. Rf3 Nxe4 25. Bb4 Rb5 26. Be1 Re5 27. a4 d5
28. Bb4 Rg5 29. Kc1 Bd4 30. Be1 f6 31. Bb4 Ngf2 32. Rf1 h4 33. c3 Rg3 34. Bd1
Be3+ 35. Kb2 h3 36. Rxg3+ Nxg3 37. Rg1 Ne4 38. Re1 Bf2 39. c4 Bxe1 40. Bxe1 h2
41. Bf3 0-1

[Event "51st World Juniors"]
[Site "Athens GRE"]
[Date "2012.08.05"]
[Round "4.43"]
[White "Koutoukidis, Panagiotis"]
[Black "Jacko, Vladimir2"]
[Result "1/2-1/2"]
[BlackTitle "FM"]
[WhiteElo "2167"]
[BlackElo "2349"]
[WhiteFideId "4244702"]
[BlackFideId "14915928"]
[EventDate "2012.08.02"]

1. e4 c5 2. Nf3 Nc6 3. d4 cxd4 4. Nxd4 g6 5. Nc3 Bg7 6. Be3 Nf6 7. Bc4 O-O 8.
Bb3 a5 9. O-O d6 10. Ndb5 Nd7 11. Qd2 b6 12. Bh6 Ba6 13. Bxg7 Kxg7 14. Rfe1 Nc5
15. Bd5 Rc8 16. Rad1 Qd7 17. Bxc6 Rxc6 18. e5 Rcc8 19. exd6 e6 20. Nd4 Kg8 21.
Nf3 f6 22. Ne4 Bb7 23. Nxc5 Rxc5 24. Re3 Rfc8 25. c3 Rd5 26. Qe1 Kf7 27. Red3
Qxd6 28. Qe3 Rcc5 29. b3 Rxd3 30. Rxd3 Rd5 31. Rxd5 Qxd5 32. Qd2 Qc6 33. c4 Qc7 1/2-1/2

[Event "51st World Juniors"]
[Site "Athens GRE"]
[Date "2012.08.05"]
[Round "4.45"]
[White "Kilpatrick, Callum"]
[Black "Capone, Nicola"]
[Result "1-0"]
[WhiteTitle "FM"]
[WhiteElo "2326"]
[BlackElo "2120"]
[WhiteFideId "414425"]
[BlackFideId "224715"]
[EventDate "2012.08.02"]

1. e4 c5 2. Nf3 d6 3. d4 cxd4 4. Nxd4 Nf6 5. Nc3 Nc6 6. Bc4 Qb6 7. Nxc6 bxc6 8.
O-O g6 9. Qe1 Qc5 10. b3 Bg7 11. Be3 Qa5 12. Bd4 e5 13. Be3 O-O 14. Rd1 Qc7 15.
f3 Be6 16. Rf2 Rfd8 17. Rfd2 Rd7 18. Qe2 Bxc4 19. Qxc4 Rad8 20. Kh1 Qb7 21. Na4
h6 22. Qe2 Nh5 23. Qd3 Qc7 24. c4 d5 25. cxd5 cxd5 26. exd5 Rxd5 27. Qc4 Qxc4
28. bxc4 Rxd2 29. Rxd2 Rxd2 30. Bxd2 Kf8 31. Be3 a6 32. Nc5 a5 33. a4 Ke8 34.
Nb7 Kd7 35. Nxa5 Nf6 36. Kg1 Ne8 37. Kf2 Nc7 38. Ke2 Na6 39. Kd3 Bf8 40. Nb3 h5
41. c5 Be7 42. Kc4 Nc7 43. Na5 f5 44. c6+ Kc8 45. Nb7 h4 46. Bc5 Bf6 47. Nd6+
Kb8 48. Nb5 Ne8 49. Kd5 f4 50. Bd6+ Nxd6 51. Kxd6 e4 52. c7+ 1-0

[Event "51st World Juniors"]
[Site "Athens GRE"]
[Date "2012.08.05"]
[Round "4.49"]
[White "Vaicekauskas, Gytis"]
[Black "Torres, Juan Camilo"]
[Result "0-1"]
[WhiteElo "2079"]
[BlackElo "2291"]
[WhiteFideId "12805459"]
[BlackFideId "4405790"]
[EventDate "2012.08.02"]

1. e4 c5 2. Nf3 e6 3. d4 cxd4 4. Nxd4 a6 5. Bd3 Nf6 6. Nc3 Qc7 7. f4 d6 8. Qf3
b5 9. Be3 Bb7 10. g4 b4 11. Nce2 g6 12. O-O-O Nbd7 13. Ng3 Nc5 14. Kb1 d5 15. e5
Nfe4 16. Qe2 Bg7 17. Nxe4 Nxe4 18. Bxe4 dxe4 19. Nb3 Bd5 20. Rhe1 g5 21. f5 Bxe5
22. fxe6 fxe6 23. Bxg5 O-O 24. Bh6 Rf6 25. g5 Rf3 26. Qg2 Qf7 27. Nd2 Rf2 28.
Qg4 Qg6 29. Re2 Rf4 30. Qg1 Rc8 31. Qe3 Qf5 32. g6 Rh4 33. gxh7+ Kxh7 34. Bg5
Rh3 35. Qg1 e3 36. Nf1 Rg8 37. Rxe3 Rxe3 38. Qxe3 Qxg5 39. Qh3+ Qh6 40. Qd3+ Qg6
41. Qh3+ Qh6 42. Qd3+ Kh8 43. Ne3 Rd8 44. Nxd5 Rxd5 45. Qf3 Rxd1+ 46. Qxd1 Qh4
47. a3 bxa3 48. bxa3 Qd4 49. Qh5+ Kg7 50. Kc1 Qg1+ 0-1

[Event "51st World Juniors"]
[Site "Athens GRE"]
[Date "2012.08.05"]
[Round "4.50"]
[White "Poulopoulos, Ioannis"]
[Black "Hernandez Sanchez, Jairo Andres"]
[Result "1/2-1/2"]
[BlackTitle "FM"]
[WhiteElo "2007"]
[BlackElo "2288"]
[WhiteFideId "4218078"]
[BlackFideId "4404017"]
[EventDate "2012.08.02"]

1. e4 c5 2. Nf3 g6 3. d4 Bg7 4. d5 d6 5. Nc3 Nf6 6. Be2 O-O 7. O-O Na6 8. Re1
Nc7 9. Bf1 a6 10. a4 b6 11. h3 Bb7 12. Bf4 Qd7 13. Bh2 b5 14. axb5 axb5 15. Rxa8
Rxa8 16. e5 Nfxd5 17. Bxb5 Nxb5 18. Nxd5 Nd4 19. Nxd4 Bxd5 20. Nf3 dxe5 21. Bxe5
f6 22. Bc3 e6 23. Qe2 Qc6 24. Rd1 Ra4 25. Qd3 Kf7 26. Ne1 Bf8 27. b3 Ra2 28. h4
h5 29. Qe3 c4 30. bxc4 Qxc4 31. Rd4 Qc5 32. Qd2 Qb6 33. Rf4 Be7 34. Bd4 Qb1 35.
Qc3 Rxc2 36. Qxc2 Qxe1+ 37. Kh2 Bd6 38. Be3 Qb4 39. Qc1 Qb7 40. f3 Bxf4+ 41.
Bxf4 e5 42. Bg3 Kg7 43. Qc5 Bf7 44. Qe3 Qb1 45. Bf2 Qf5 46. Bg3 Be6 47. Qa7+ Bd7
48. Qc7 Qe6 49. Kg1 Qd5 50. Kh2 Kf7 51. Qd8 Qd3 52. Qc7 Ke7 53. Qc5+ Ke6 54.
Qb6+ Kf5 55. Qc5 g5 56. Qe7 Bb5 57. hxg5 Kxg5 58. Bh4+ Kf4 59. Qxf6+ Ke3 60.
Qxe5+ Kd2 61. Qxh5 Bd7 62. Qg5+ Kc3 63. Qc5+ Kd2 64. Qb4+ Kc1 65. Qe1+ Kc2 66.
Bg5 Kb3 67. Qe3 Qxe3 68. Bxe3 Kc4 69. Kg3 Kd5 70. Kf4 Ke6 71. Bd4 Kf7 72. Kg5
Bc6 73. Bc3 Bb7 74. Kf4 Kg6 75. Ke5 Bc6 76. Bd2 1/2-1/2

[Event "51st World Juniors"]
[Site "Athens GRE"]
[Date "2012.08.05"]
[Round "4.53"]
[White "Zeppos, Panagiotis"]
[Black "Haarr, Jon Kristian"]
[Result "0-1"]
[WhiteElo "1978"]
[BlackElo "2245"]
[WhiteFideId "4228383"]
[BlackFideId "1505963"]
[EventDate "2012.08.02"]

1. d4 d6 2. e4 g6 3. Nc3 Bg7 4. Nge2 Nd7 5. Be3 a6 6. f3 e6 7. Qd2 b5 8. h4 h5
9. a3 Nb6 10. Nf4 Ne7 11. O-O-O d5 12. Bd3 Bb7 13. Rdg1 c6 14. exd5 Nbxd5 15.
Ncxd5 Nxd5 16. Nxd5 Qxd5 17. Be4 Qd6 18. Rd1 O-O-O 19. Bf4 Qxd4 20. Qxd4 Rxd4
21. Rxd4 Bxd4 22. c3 Bf6 23. Bd6 Rd8 24. Bc5 Be5 25. Be3 c5 26. Bxb7+ Kxb7 27.
Bxc5 Bf4+ 28. Kb1 Rd2 29. g4 Kc6 30. Ba7 Kd5 31. gxh5 gxh5 32. Bb6 Kc4 33. Ka2
Be5 34. Ba5 Rf2 35. Bb6 Rxf3 36. Rd1 Rd3 37. Rf1 f6 38. Rf2 f5 39. Re2 Kd5 40.
Bd8 f4 41. Kb3 f3 42. Rf2 Bg3 43. Rf1 f2 44. Kc2 Re3 0-1

[Event "51st World Juniors"]
[Site "Athens GRE"]
[Date "2012.08.05"]
[Round "4.57"]
[White "Zervos, Lazaros"]
[Black "Jefic, Srdjan"]
[Result "1-0"]
[WhiteElo "1799"]
[BlackElo "2165"]
[WhiteFideId "4238362"]
[BlackFideId "14403080"]
[EventDate "2012.08.02"]

1. e4 c5 2. Nf3 e6 3. d4 cxd4 4. Nxd4 a6 5. Nc3 b5 6. Be3 Qc7 7. g4 Bb7 8. f3
Nc6 9. Nce2 Ne5 10. Ng3 Bc5 11. Be2 Qb6 12. Qd2 Nc6 13. O-O-O Nge7 14. Kb1 O-O
15. Nxc6 Bxc6 16. Bxc5 Qxc5 17. h4 Rfd8 18. g5 d5 19. h5 Rd7 20. Qf4 Rc8 21. h6
dxe4 22. hxg7 Ng6 23. Qg4 Rxd1+ 24. Bxd1 Kxg7 25. Qh5 Kf8 26. fxe4 Ke7 27. Rf1
Qe5 28. Qg4 Rd8 29. Qf3 Be8 30. Be2 Rd6 31. Qe3 Qd4 32. Qa3 Qb6 33. e5 Nxe5 34.
Ne4 b4 35. Nxd6 Qxd6 36. Qxa6 Qc5 37. Qb7+ Bd7 38. Rd1 Ke8 39. Qe4 Ng6 40. Qd4
Qe7 41. Qa7 Nf8 42. Qb8+ Qd8 43. Qxd8+ Kxd8 44. Bb5 Ke7 45. Bxd7 Nxd7 46. Rh1
Nf8 47. b3 f5 48. gxf6+ Kxf6 49. Rh4 e5 50. Kc1 Kg5 51. Rxb4 h5 52. Kd2 Ne6 53.
Ke3 Nd4 54. Rc4 h4 55. Rxd4 exd4+ 56. Kf3 h3 57. a4 1-0

[Event "51st World Juniors"]
[Site "Athens GRE"]
[Date "2012.08.05"]
[Round "4.58"]
[White "Larmuseau, Michiel"]
[Black "Arat, Ufuk Sezen"]
[Result "1-0"]
[WhiteElo "2154"]
[BlackElo "2124"]
[WhiteFideId "263214"]
[BlackFideId "6309089"]
[EventDate "2012.08.02"]

1. e4 g6 2. Nc3 Bg7 3. f4 d6 4. Nf3 Nf6 5. Bc4 O-O 6. d3 c6 7. Bb3 b5 8. O-O
Nbd7 9. f5 gxf5 10. exf5 Nc5 11. Ng5 d5 12. Qf3 h6 13. Nh3 e6 14. Ne2 exf5 15.
Ng3 Qb6 16. Kh1 f4 17. Qxf4 Ng4 18. Nh5 Be5 19. Qd2 Qc7 20. N3f4 Nxb3 21. axb3
d4 22. Qe1 f5 23. h3 Ne3 24. Bxe3 dxe3 25. Qxe3 Kh7 26. Rae1 Bd6 27. Qd4 c5 28.
Nf6+ Kh8 29. Ng6+ Kg7 30. Ne8+ Kxg6 31. Qxd6+ Qxd6 32. Nxd6 Bd7 33. Re7 Bc6 34.
Rc7 Bd5 35. Rxc5 Be6 36. Nxb5 Rad8 37. Rc6 Rf6 38. Re1 Bd5 39. Rxf6+ Kxf6 40.
Nc3 Bc6 41. Ra1 Ke5 42. Rxa7 Kd6 43. d4 Be4 44. Nxe4+ fxe4 45. Ra5 Rf8 46. Kg1
e3 47. Re5 Rf2 48. c4 1-0

[Event "51st World Juniors"]
[Site "Athens GRE"]
[Date "2012.08.05"]
[Round "4.60"]
[White "Jones, William E G"]
[Black "Alexiadis, Hristos"]
[Result "0-1"]
[WhiteElo "2127"]
[BlackElo "1769"]
[WhiteFideId "470554"]
[BlackFideId "4249623"]
[EventDate "2012.08.02"]

1. e4 c5 2. Nf3 d6 3. d4 Nf6 4. Nc3 cxd4 5. Nxd4 a6 6. Be3 e5 7. Nb3 Be7 8. f3
Be6 9. Qd2 h5 10. Be2 Nbd7 11. O-O Rc8 12. Rfd1 O-O 13. a4 Qc7 14. a5 Rfd8 15.
Qe1 Nc5 16. Nxc5 dxc5 17. Na4 Nd7 18. c4 b6 19. b4 bxa5 20. bxa5 Rb8 21. Nc3 Rb4
22. Qf1 Rb3 23. Rdc1 Rdb8 24. Kh1 R8b4 25. Bd2 Rb8 26. Nd5 Qd8 27. Bd1 R3b7 28.
Ba4 Nf6 29. Bc3 Bd6 30. Bc6 Rb3 31. Ba4 R3b7 32. Rd1 Nxd5 33. cxd5 Bd7 34. Bxd7
Qxd7 35. Qxa6 Rb3 36. Qc4 Qb7 37. a6 Qa7 38. g3 R3b6 39. Ra2 Rb1 40. Ra1 R1b6
41. Ra2 Kh7 42. f4 Rb1 43. Ra1 Rxd1+ 44. Rxd1 f6 45. Rf1 Rb6 46. fxe5 fxe5 47.
Ra1 Rb8 48. Ra2 Qf7 49. Kg2 Qa7 50. Bd2 Rf8 51. Rb2 Rg8 52. Ra2 Rb8 53. Bc3 Ra8
54. Ra1 Rb8 55. Ra2 Rb6 56. Qe2 g6 57. Bd2 Rb8 58. Qe3 Bf8 59. Bc3 Bd6 60. Bd2
Bf8 61. Qg5 Bg7 62. d6 Qf7 63. Rc2 Rf8 64. Rc1 Qf3+ 65. Kh3 Qxe4 66. Rxc5 Rf2
67. Qe3 Qg2+ 68. Kh4 Bf6+ 0-1

[Event "51st World Juniors"]
[Site "Athens GRE"]
[Date "2012.08.05"]
[Round "4.63"]
[White "Du Plessis, Heinco"]
[Black "Wu, Kevin"]
[Result "1-0"]
[WhiteElo "2075"]
[BlackElo "1905"]
[WhiteFideId "14306263"]
[BlackFideId "2609720"]
[EventDate "2012.08.02"]

1. e4 c5 2. Nf3 d6 3. d4 cxd4 4. Qxd4 a6 5. Be2 Nc6 6. Qe3 g6 7. O-O Bg7 8. c4
Nf6 9. h3 O-O 10. Rd1 Nd7 11. Nc3 b6 12. Rb1 a5 13. b3 Bb7 14. Bb2 Nc5 15. Nd5
f6 16. a3 e6 17. Nc3 Qe7 18. Nb5 Rfd8 19. Ne1 Ne5 20. f4 Bh6 21. Nc3 Rdc8 22. g4
Nf7 23. b4 axb4 24. axb4 Na4 25. Nxa4 Rxa4 26. Qxb6 Bxe4 27. Bd3 d5 28. c5 Bxf4
29. Bxe4 dxe4 30. Ng2 Rb8 31. Qc6 Raxb4 32. Nxf4 Rxb2 33. Rxb2 Rxb2 34. Rd7 Qf8
35. Nxe6 Rb1+ 36. Kg2 Ne5 37. Qd5 Rb2+ 38. Kf1 Rb1+ 39. Ke2 Rb2+ 40. Kd1 Rb1+
41. Kc2 Rb2+ 42. Kxb2 Qb8+ 43. Rb7 Nd3+ 44. Kc3 1-0

[Event "51st World Juniors"]
[Site "Athens GRE"]
[Date "2012.08.06"]
[Round "5.1"]
[White "Ipatov, Alexander"]
[Black "Yu, Yangyi"]
[Result "1/2-1/2"]
[WhiteTitle "GM"]
[BlackTitle "GM"]
[WhiteElo "2577"]
[BlackElo "2635"]
[WhiteFideId "14116731"]
[BlackFideId "8603820"]
[EventDate "2012.08.02"]

1. c4 e6 2. d4 Nf6 3. Nf3 b6 4. Nc3 Bb7 5. e3 Bb4 6. Bd3 O-O 7. O-O Bxc3 8. bxc3
Be4 9. Be2 c5 10. Nd2 Bg6 11. Nb3 Qc7 12. f3 d5 13. cxd5 Nxd5 14. c4 Nc3 15. Qd2
Nxe2+ 16. Qxe2 cxd4 17. exd4 Nd7 18. Ba3 Rfe8 19. Rac1 Rac8 20. Rfe1 Qf4 21. Bb2
h6 22. Qe3 Qxe3+ 23. Rxe3 Red8 24. Kf2 Nb8 25. c5 Na6 26. cxb6 axb6 27. Rxc8
Rxc8 28. Rc3 Rxc3 29. Bxc3 Nc7 30. Bb4 Nd5 31. a3 Bd3 32. Nd2 f5 33. f4 Be4 34.
g3 Kf7 1/2-1/2

[Event "51st World Juniors"]
[Site "Athens GRE"]
[Date "2012.08.06"]
[Round "5.2"]
[White "Shimanov, Aleksandr"]
[Black "Salem, A.R. Saleh"]
[Result "1/2-1/2"]
[WhiteTitle "GM"]
[BlackTitle "GM"]
[WhiteElo "2596"]
[BlackElo "2546"]
[WhiteFideId "4198603"]
[BlackFideId "9301348"]
[EventDate "2012.08.02"]

1. Nf3 Nf6 2. c4 g6 3. Nc3 d5 4. cxd5 Nxd5 5. Qa4+ Nc6 6. Ne5 Qd6 7. Nxc6 Qxc6
8. Qd4 Nxc3 9. Qxc3 Qxc3 10. bxc3 e5 11. Rb1 Bd6 12. g3 c6 13. Bg2 Kd7 14. d3
Kc7 15. Be3 f5 16. Kd2 Re8 17. f4 e4 18. c4 c5 19. d4 cxd4 20. Bxd4 b6 21. Rhc1
Rd8 22. e3 Ba3 23. Rc2 Be6 24. Ke1 Bc5 25. Bxc5 bxc5 26. Bf1 Bd7 27. Rcb2 Bc6
28. Be2 Rd6 29. Rd1 Rxd1+ 30. Kxd1 Rd8+ 31. Kc1 1/2-1/2

[Event "51st World Juniors"]
[Site "Athens GRE"]
[Date "2012.08.06"]
[Round "5.3"]
[White "Ter-Sahakyan, Samvel"]
[Black "Wei, Yi"]
[Result "1-0"]
[WhiteTitle "GM"]
[BlackTitle "FM"]
[WhiteElo "2567"]
[BlackElo "2418"]
[WhiteFideId "13302531"]
[BlackFideId "8603405"]
[EventDate "2012.08.02"]

1. e4 c5 2. Nf3 d6 3. d4 cxd4 4. Nxd4 Nf6 5. Nc3 a6 6. Be3 e5 7. Nb3 Be7 8. f3
Be6 9. Qd2 O-O 10. O-O-O Nbd7 11. g4 b5 12. Rg1 Nb6 13. Na5 Rc8 14. g5 Nh5 15.
Kb1 g6 16. a3 Qc7 17. Nd5 Nxd5 18. exd5 Bxd5 19. Qxd5 Qxa5 20. Bd3 Rfd8 21. Rg4
Rb8 22. Rh4 Qc7 23. Rxh5 gxh5 24. Qe4 f5 25. Qxf5 Bf8 26. g6 Rd7 27. Qxh5 b4 28.
Rg1 h6 29. axb4 Rxb4 30. Rg4 Qc3 31. Rxb4 Qxb4 32. Qf5 Qe1+ 33. Bc1 Re7 34. Qf6
Qb4 35. Bf5 Qc4 36. g7 Qf7 37. Bh7+ 1-0

[Event "51st World Juniors"]
[Site "Athens GRE"]
[Date "2012.08.06"]
[Round "5.4"]
[White "Grandelius, Nils"]
[Black "Grover, Sahaj"]
[Result "1-0"]
[WhiteTitle "GM"]
[BlackTitle "IM"]
[WhiteElo "2562"]
[BlackElo "2516"]
[WhiteFideId "1710400"]
[BlackFideId "5021103"]
[EventDate "2012.08.02"]

1. Nf3 d5 2. c4 c6 3. e3 Nf6 4. Qc2 e6 5. b3 Nbd7 6. Bb2 Bd6 7. Nc3 O-O 8. h3 a6
9. g4 b5 10. g5 Ne8 11. h4 e5 12. cxd5 cxd5 13. Bd3 Bb7 14. Bxh7+ Kh8 15. Bf5
Rc8 16. Qd1 g6 17. Bb1 Ng7 18. Ne2 Nh5 19. Nf4 Nxf4 20. exf4 d4 21. f5 Kg7 22.
Qe2 Rh8 23. Rh3 Qc7 24. fxg6 fxg6 25. Qd3 Nf8 26. Nxd4 Qd7 27. Ne2 Kg8 28. h5
Rxh5 29. Rxh5 gxh5 30. Ng3 Qe7 31. Nf5 Qxg5 32. Nxd6 Rd8 33. Ba3 h4 34. Qf5 Qxf5
35. Bxf5 1-0

[Event "51st World Juniors"]
[Site "Athens GRE"]
[Date "2012.08.06"]
[Round "5.5"]
[White "Ding, Liren"]
[Black "Kovalev, Vladislav"]
[Result "1-0"]
[WhiteTitle "GM"]
[BlackTitle "IM"]
[WhiteElo "2695"]
[BlackElo "2485"]
[WhiteFideId "8603677"]
[BlackFideId "13504398"]
[EventDate "2012.08.02"]

1. d4 d5 2. c4 dxc4 3. e4 Nf6 4. e5 Nd5 5. Bxc4 Nb6 6. Bd3 Nc6 7. Be3 Nb4 8. Be4
f5 9. exf6 exf6 10. Nc3 f5 11. Bb1 Bd6 12. Nf3 O-O 13. O-O c6 14. a3 N4d5 15.
Ba2 Bc7 16. Re1 Qd6 17. Bd2 Kh8 18. Rc1 Bd7 19. Re5 Nxc3 20. Bxc3 Qg6 21. Re1
Rae8 22. Qd3 Re4 23. Ne5 Bxe5 24. dxe5 Rxe1+ 25. Rxe1 Be6 26. Qd6 Re8 27. Bb1
Nd5 28. Bd2 Qf7 29. Bd3 Kg8 30. Bf1 Qe7 31. Qxe7 Rxe7 32. f3 Rd7 33. Kf2 Kf7 34.
Rc1 a6 35. g3 Rd8 36. Be2 Rd7 37. h4 h5 38. b4 Rd8 39. Bg5 Re8 40. Be3 Rd8 41.
f4 g6 42. Bc5 Ra8 43. Bd6 a5 44. b5 cxb5 45. Bf3 b4 46. Rc5 Nc3 47. Rc7+ Kg8 48.
Bxb7 Ne4+ 49. Ke3 Rd8 50. Be7 Rd1 51. axb4 axb4 52. Bxb4 Nxg3 53. Bc8 Bxc8 54.
Rxc8+ Kf7 55. Rc7+ Kg8 56. Rc8+ Kf7 57. Rf8+ Kg7 58. e6 Rb1 59. Rf7+ Kg8 60.
Rf8+ Kg7 61. Rb8 Rb3+ 62. Kd4 Ne2+ 63. Kc4 Rxb4+ 64. Rxb4 Nxf4 65. e7 Kf7 66.
Kc5 Ne6+ 67. Kd6 Ng7 68. Kd7 Ne8 69. Rb1 Ng7 70. Rd1 Ne8 71. Rg1 Ng7 72. Rb1 Ne8
73. Rb6 Ng7 74. Ra6 1-0

[Event "51st World Juniors"]
[Site "Athens GRE"]
[Date "2012.08.06"]
[Round "5.6"]
[White "Zherebukh, Yaroslav"]
[Black "Indjic, Aleksandar"]
[Result "1-0"]
[WhiteTitle "GM"]
[BlackTitle "IM"]
[WhiteElo "2629"]
[BlackElo "2481"]
[WhiteFideId "14116804"]
[BlackFideId "911925"]
[EventDate "2012.08.02"]

1. d4 Nf6 2. c4 c5 3. d5 e6 4. Nc3 exd5 5. cxd5 d6 6. Nf3 g6 7. Nd2 Bg7 8. e4
O-O 9. Be2 Re8 10. O-O a6 11. a4 Nbd7 12. Re1 Ne5 13. Nf1 Ned7 14. Qc2 Qc7 15.
Bf4 Rb8 16. Bg3 c4 17. a5 b5 18. axb6 Nxb6 19. Nd2 Nfd7 20. Rab1 Bb7 21. Nd1 a5
22. Ne3 Ba6 23. b3 a4 24. bxa4 Nc5 25. a5 Nba4 26. Rxb8 Rxb8 27. Nexc4 Rd8 28.
Nxd6 Bxe2 29. N6c4 Qe7 30. d6 Qe6 31. Rxe2 Nc3 32. Re1 Nb5 33. Na3 Nxa3 34. Qxc5
Qa2 35. Nf3 Nc4 36. e5 Nd2 37. Nxd2 Qxd2 38. Ra1 1-0

[Event "51st World Juniors"]
[Site "Athens GRE"]
[Date "2012.08.06"]
[Round "5.7"]
[White "Urkedal, Frode"]
[Black "Rapport, Richard"]
[Result "0-1"]
[WhiteTitle "IM"]
[BlackTitle "GM"]
[WhiteElo "2473"]
[BlackElo "2605"]
[WhiteFideId "1506102"]
[BlackFideId "738590"]
[EventDate "2012.08.02"]

1. d4 d5 2. c4 c6 3. Nf3 Nf6 4. cxd5 cxd5 5. Nc3 Nc6 6. Bf4 Bf5 7. e3 e6 8. Bb5
Nd7 9. O-O Be7 10. Bd3 Bxd3 11. Qxd3 O-O 12. Rfc1 Rc8 13. Qb5 Nb6 14. Na4 Nxa4
15. Qxa4 Qb6 16. h3 f6 17. Rc2 Qb4 18. Qxb4 Nxb4 19. Rd2 Rc4 20. Ne1 Rfc8 21.
Kf1 Nc2 22. Nxc2 Rxc2 23. Rxc2 Rxc2 24. Rb1 h5 25. Bg3 g5 26. f3 h4 27. Be1 Bd6
28. e4 Bf4 29. a3 Be3 30. exd5 exd5 31. b3 Bc1 32. b4 b5 33. Ra1 Be3 34. Rd1 Bf4
35. Rd3 Kf7 36. Rc3 Ra2 37. Rc5 Ke6 38. Rc6+ Kf5 39. Rc5 Bg3 40. Bxg3 hxg3 41.
Rxd5+ Kf4 42. Rd7 Ra1+ 43. Ke2 Rg1 44. Rf7 f5 45. d5 Rxg2+ 46. Kf1 Rd2 0-1

[Event "51st World Juniors"]
[Site "Athens GRE"]
[Date "2012.08.06"]
[Round "5.8"]
[White "Baron, Tal"]
[Black "Van Kampen, Robin"]
[Result "1/2-1/2"]
[WhiteTitle "GM"]
[BlackTitle "GM"]
[WhiteElo "2451"]
[BlackElo "2565"]
[WhiteFideId "2809958"]
[BlackFideId "1020854"]
[EventDate "2012.08.02"]

1. e4 c5 2. Nf3 d6 3. d4 Nf6 4. Bb5+ Bd7 5. Bxd7+ Qxd7 6. dxc5 Nxe4 7. cxd6 Nxd6
8. O-O Nc6 9. Bf4 Rd8 10. Nc3 e6 11. Qe2 Be7 12. Rad1 Qc8 13. Rd2 O-O 14. Rfd1
Nf5 15. Ne4 Rxd2 16. Rxd2 Rd8 17. c3 Bf8 18. h3 Rxd2 19. Qxd2 b6 20. Qd3 f6 21.
a3 Nfe7 22. Bg3 Nf5 23. Bf4 Nfe7 24. Bg3 Nf5 25. Bf4 1/2-1/2

[Event "51st World Juniors"]
[Site "Athens GRE"]
[Date "2012.08.06"]
[Round "5.9"]
[White "Debashis, Das"]
[Black "Yilmaz, Mustafa"]
[Result "1-0"]
[WhiteTitle "IM"]
[BlackTitle "IM"]
[WhiteElo "2446"]
[BlackElo "2543"]
[WhiteFideId "5024854"]
[BlackFideId "6302718"]
[EventDate "2012.08.02"]

1. d4 Nf6 2. c4 c5 3. d5 e6 4. Nc3 exd5 5. cxd5 d6 6. Nf3 g6 7. Bf4 Bg7 8. Qa4+
Bd7 9. Qb3 Qc7 10. e4 O-O 11. Nd2 Nh5 12. Be3 f5 13. exf5 Bxf5 14. Be2 Nf6 15.
h3 Na6 16. a3 Rae8 17. O-O Re7 18. Rfe1 Qb8 19. Bf4 Qd8 20. Nc4 Ne8 21. Bg3 Nac7
22. Qxb7 Ref7 23. Na5 Qg5 24. Nc6 Nxd5 25. Qb3 Nxc3 26. bxc3 Be4 27. h4 Qf6 28.
Bb5 d5 29. Ne5 c4 30. Qd1 Nd6 31. Bc6 Nf5 32. Bxd5 Nxg3 33. Nxf7 Bxd5 34. Qxd5
Rxf7 35. Re8+ Bf8 36. fxg3 Kg7 37. Qxc4 Qf2+ 38. Kh2 Bc5 39. Qe2 Rd7 40. Qe5+
Kh6 41. Rg8 Be3 42. Kh3 Bd2 43. g4 Rd3+ 44. g3 Qf7 45. Qh5+ 1-0

[Event "51st World Juniors"]
[Site "Athens GRE"]
[Date "2012.08.06"]
[Round "5.10"]
[White "Grigoryan, Karen H."]
[Black "Mihok, Oliver"]
[Result "1-0"]
[WhiteTitle "IM"]
[BlackTitle "IM"]
[WhiteElo "2529"]
[BlackElo "2456"]
[WhiteFideId "13301004"]
[BlackFideId "728012"]
[EventDate "2012.08.02"]

1. c4 c5 2. Nc3 g6 3. g3 Bg7 4. Bg2 Nc6 5. Nf3 d6 6. O-O e5 7. d3 Nge7 8. a3 O-O
9. Rb1 a5 10. Bd2 Rb8 11. Qc1 Nd4 12. Nxd4 exd4 13. Nb5 Nc6 14. Re1 Re8 15. h3
Be6 16. b4 axb4 17. axb4 Qd7 18. bxc5 dxc5 19. Bf4 Be5 20. Bxe5 Nxe5 21. Kh2 Nc6
22. Qf4 b6 23. Nc7 Rec8 24. Na6 Rb7 25. Qf3 Qd6 26. Rb5 Rd7 27. Reb1 Ne5 28. Qe4
Bf5 29. Qf4 Nxc4 30. Qc1 Ra7 31. Qxc4 Rxa6 32. Bb7 Be6 33. Qc1 Ra2 34. Bxc8 Bxc8
35. Rxb6 Qd7 36. Qxc5 Rxe2 37. Kg1 Kg7 38. Rb8 Ba6 39. Qf8+ Kf6 40. R8b6+ Re6
41. Rxe6+ Qxe6 42. Qh8+ 1-0

[Event "51st World Juniors"]
[Site "Athens GRE"]
[Date "2012.08.06"]
[Round "5.11"]
[White "Gao, Rui"]
[Black "Heimann, Andreas"]
[Result "0-1"]
[WhiteTitle "IM"]
[BlackTitle "IM"]
[WhiteElo "2442"]
[BlackElo "2493"]
[WhiteFideId "8602387"]
[BlackFideId "24624632"]
[EventDate "2012.08.02"]

1. e4 e5 2. Nf3 Nc6 3. Bb5 a6 4. Ba4 Nf6 5. O-O Be7 6. Re1 b5 7. Bb3 O-O 8. a4
b4 9. d3 d6 10. a5 Be6 11. Nbd2 h6 12. Bc4 Qc8 13. b3 Re8 14. Bb2 Bf8 15. Nf1 g6
16. Bxe6 Rxe6 17. d4 exd4 18. Nxd4 Nxd4 19. Qxd4 c5 20. Qd3 Bg7 21. f4 Qe8 22.
e5 dxe5 23. Rxe5 Nh5 24. Rxe6 Qxe6 25. Bxg7 Kxg7 26. g3 Re8 27. Rd1 Nf6 28. Qf3
Qe2 29. Qd3 h5 30. Rd2 Qxd3 31. cxd3 Re1 32. Rc2 Nd7 33. Kf2 Ra1 34. Nd2 Rxa5
35. Ke3 Ra1 36. Ke4 Re1+ 37. Kd5 Re3 38. Kc4 Re2 39. Kd5 Re3 40. Kc4 Re2 41. Kd5
Rxh2 42. Kd6 Nf6 43. Kxc5 Rg2 44. Kxb4 Rxg3 45. Nc4 Nd5+ 46. Ka5 Rxd3 47. Rb2
Rf3 48. Kxa6 Rxf4 49. Rd2 Nf6 50. Ne5 h4 51. Nc6 Ne4 52. Rc2 Nf2 53. b4 h3 54.
b5 h2 55. Rc1 Rg4 56. b6 Rg1 0-1